000 00505nam a2200181Ia 4500
005 20250508154508.0
008 008 250505s9999 xx 000 0 eng d
037 _aTextual
040 _aFEDL
_beng
_cFEDL
041 _aeng
_2eng
084 _a808.068, MOO
_qFEDL
100 _aMoore Robert H
_9765536
245 0 _aPlan before you wirte
260 _aNew York, USA
_bHolt, Rinehart and Winston
_c1950
300 _a84p.
942 _cTEXL
_h808.068, MOO
999 _c1350582
_d1350582